[Event "Madrid-ch Previa-A"]
[Site "Madrid"]
[Date "2018.02.13"]
[Round "5"]
[White "Bermejo Redondo, Oscar"]
[Black "Jimenez Garcia, Rodrigo"]
[Result "0-1"]
[WhiteElo "1828"]
[BlackElo "1783"]
[PlyCount "110"]
[EventDate "2018.02.05"]
[EventType "swiss"]
[EventRounds "9"]
[EventCountry "ESP"]
[SourceTitle "EXT 2020"]
[Source "ChessBase"]
[SourceDate "2019.10.17"]
[SourceVersion "1"]
[SourceVersionDate "2019.10.17"]
[SourceQuality "1"]

1. Nf3 e6 2. d4 c5 3. e3 Nf6 4. Bd3 d5 5. 0-0 Nbd7 6. c4 dxc4 7. Bxc4 Nb6 8. Be2 cxd4 9. Nxd4 Be7 10. Qc2 Bd7 11. Nc3 Rc8 12. Qb3 a6 13. a4 e5 14. Nf3 Be6 15. Qc2 Qc7 16. h3 Nbd5 17. Bd2 0-0 18. Qb1 Nb4 19. Rc1 Qb8 20. Ne4 Rxc1+ 21. Bxc1 Nxe4 22. Qxe4 Bd5 23. Qb1 Qc7 24. Ra3 Na2 25. Rxa2 Bxa2 26. Qxa2 Qxc1+ 27. Kh2 Bd6 28. Qd5 e4+ 29. Qxd6 exf3 30. Bxf3 Qxb2 31. Qc7 b5 32. axb5 axb5 33. Bd5 Qxf2 34. Qb7 Qb2 35. e4 Qe5+ 36. Kg1 Qb8 37. Qe7 b4 38. Bb3 Qb6+ 39. Kh2 Qd4 40. Qb7 g6 41. Bd5 Qe5+ 42. Kg1 Qb8 43. Qe7 b3 44. e5 b2 45. Ba2 b1Q+ 46. Bxb1 Qxb1+ 47. Kf2 Qf5+ 48. Ke2 Qe6 49. Qc7 Re8 50. Qb7 Qxe5+ 51. Kf2 Rb8 52. Qa7 Rb2+ 53. Kf3 Qf5+ 54. Kg3 Qg5+ 55. Kf3 Qxg2+ 0-1

[Event "Madrid San Viator op 20th"]
[Site "Madrid"]
[Date "2013.05.12"]
[Round "5"]
[White "Villanueva Ortega, Ruben"]
[Black "Bermejo Redondo, Oscar"]
[Result "1-0"]
[WhiteElo "1610"]
[BlackElo "1896"]
[PlyCount "135"]
[EventDate "2013.04.07"]
[EventType "swiss"]
[EventRounds "9"]
[EventCountry "ESP"]
[SourceTitle "EXT 2014"]
[Source "ChessBase"]
[SourceDate "2013.11.20"]
[SourceVersion "1"]
[SourceVersionDate "2013.11.20"]
[SourceQuality "1"]

1. e4 c5 2. Nc3 d6 3. g3 Nc6 4. Bg2 Nf6 5. h3 g6 6. d3 Bg7 7. Be3 Bd7 8. Qd2 b5 9. Rb1 Rb8 10. Nge2 h5 11. 0-0 Qc8 12. h4 Ne5 13. Nd5 Bh3 14. Nxf6+ Bxf6 15. f4 Bxg2 16. Kxg2 Ng4 17. Bg1 0-0 18. f5 e5 19. Nc3 b4 20. Nd5 Kg7 21. Rf3 Qd8 22. Rbf1 Kh7 23. Nxf6+ Qxf6 24. fxg6+ Qxg6 25. Rf5 f6 26. Be3 Nxe3+ 27. Qxe3 Kg7 28. Qf3 Qg4 29. Rxh5 Qxf3+ 30. Rxf3 a5 31. g4 a4 32. g5 b3 33. cxb3 axb3 34. a3 Rbc8 35. gxf6+ Rxf6 36. Rxf6 Kxf6 37. Rh6+ Ke7 38. Rh7+ Ke6 39. Rb7 c4 40. dxc4 Rxc4 41. Kf3 Rc1 42. Rxb3 Rh1 43. Kg3 Rg1+ 44. Kh3 Rh1+ 45. Kg4 Rg1+ 46. Kf3 Rh1 47. Ke2 Rxh4 48. Kd3 Rh3+ 49. Kc4 Rh4 50. Kd3 Kd7 51. Rc3 Rh1 52. Kc4 Rh2 53. b4 Re2 54. Kd3 Re1 55. b5 Rd1+ 56. Kc2 Rh1 57. b6 Rh2+ 58. Kb3 Rh1 59. Ka4 Rh8 60. Kb5 Rh1 61. Ka6 d5 62. exd5 Rh6 63. a4 e4 64. a5 Rh8 65. b7 e3 66. Ka7 Re8 67. b8Q e2 68. Qxe8+ 1-0

[Event "Madrid San Viator op 20th"]
[Site "Madrid"]
[Date "2013.04.14"]
[Round "2"]
[White "Algaba Traspuesto, Jose Antonio"]
[Black "Bermejo Redondo, Oscar"]
[Result "0-1"]
[WhiteElo "1638"]
[BlackElo "1896"]
[PlyCount "66"]
[EventDate "2013.04.07"]
[EventType "swiss"]
[EventRounds "9"]
[EventCountry "ESP"]
[SourceTitle "EXT 2014"]
[Source "ChessBase"]
[SourceDate "2013.11.20"]
[SourceVersion "1"]
[SourceVersionDate "2013.11.20"]
[SourceQuality "1"]

1. d4 Nf6 2. Nf3 g6 3. Nc3 Bg7 4. e4 0-0 5. e5 Ne8 6. Bc4 d6 7. Qe2 c6 8. Bf4 d5 9. Bd3 Nc7 10. h4 h5 11. Qd2 Ne6 12. Bh6 c5 13. Bxg7 Kxg7 14. 0-0-0 Nxd4 15. Nxd4 cxd4 16. Ne2 Nc6 17. Qg5 e6 18. Qg3 Qc7 19. f4 Bd7 20. Qg5 Qd8 21. Qg3 Rh8 22. Rdf1 Rc8 23. Rf2 Nb4 24. a3 Nxd3+ 25. Qxd3 b5 26. Nxd4 Qb6 27. Rhf1 Rc4 28. c3 Rhc8 29. Kd2 a5 30. Qg3 b4 31. axb4 axb4 32. Rc1 Rxd4+ 33. cxd4 Qxd4+ 0-1

[Event "Madrid San Viator op 18th"]
[Site "Madrid"]
[Date "2012.05.27"]
[Round "8"]
[White "Aguado Solana, Juan"]
[Black "Bermejo Redondo, Oscar"]
[Result "0-1"]
[WhiteElo "2060"]
[BlackElo "1883"]
[PlyCount "68"]
[EventDate "2012.03.25"]
[EventType "swiss"]
[EventRounds "9"]
[EventCountry "ESP"]
[SourceTitle "EXT 2013"]
[Source "ChessBase"]
[SourceDate "2012.11.22"]
[SourceVersion "1"]
[SourceVersionDate "2012.11.22"]
[SourceQuality "1"]

1. b3 d5 2. Bb2 c5 3. e3 Nc6 4. f4 Nf6 5. Nf3 Bg4 6. Be2 e6 7. 0-0 Be7 8. Qe1 0-0 9. Qh4 Bxf3 10. Rxf3 Ne8 11. Qh5 g6 12. Qh6 f6 13. g4 Rf7 14. Nc3 Bf8 15. Qh4 f5 16. g5 h5 17. Rh3 Rh7 18. Bf3 Bg7 19. Ba3 Qa5 20. Bb2 b5 21. a4 b4 22. Nd1 Bxb2 23. Nxb2 Nd6 24. d3 Qb6 25. Re1 Rc8 26. Qf2 c4 27. e4 Qxf2+ 28. Kxf2 cxb3 29. exd5 Nd4 30. Nc4 Nxc4 31. dxc4 bxc2 32. dxe6 b3 33. e7 Rxe7 34. Rxe7 Nxf3 0-1

[Event "Madrid San Viator op 18th"]
[Site "Madrid"]
[Date "2012.04.01"]
[Round "2"]
[White "Bermejo Redondo, Oscar"]
[Black "Jimenez Sanchez, Juan Daniel"]
[Result "1-0"]
[WhiteElo "1883"]
[BlackElo "1420"]
[PlyCount "55"]
[EventDate "2012.03.25"]
[EventType "swiss"]
[EventRounds "9"]
[EventCountry "ESP"]
[SourceTitle "EXT 2013"]
[Source "ChessBase"]
[SourceDate "2012.11.22"]
[SourceVersion "1"]
[SourceVersionDate "2012.11.22"]
[SourceQuality "1"]

1. e4 c5 2. Nf3 d6 3. d4 cxd4 4. Nxd4 Nf6 5. Nc3 a6 6. Bg5 e6 7. f4 Nbd7 8. Qf3 h6 9. Bxf6 Nxf6 10. 0-0-0 Qc7 11. Bd3 e5 12. fxe5 Bg4 13. Qg3 dxe5 14. Nf3 Bd6 15. h3 Bxf3 16. Qxf3 0-0 17. g4 Bb4 18. Nd5 Nxd5 19. exd5 Qa5 20. Kb1 Qb6 21. Be4 Rac8 22. Rd3 Rc5 23. Rb3 Rfc8 24. a3 Rxc2 25. Bxc2 Rxc2 26. Kxc2 e4 27. Rxb4 Qc7+ 28. Qc3 1-0

[Event "Madrid San Viator op 15th"]
[Site "Madrid"]
[Date "2010.10.23"]
[Round "5.4"]
[White "Bermejo Redondo, Oscar"]
[Black "Unciti Juan, Javier"]
[Result "0-1"]
[WhiteElo "1874"]
[BlackElo "2159"]
[PlyCount "88"]
[EventDate "2010.09.26"]
[EventType "swiss"]
[EventRounds "9"]
[EventCountry "ESP"]
[SourceTitle "EXT 2024"]
[Source "ChessBase"]
[SourceDate "2023.10.10"]
[SourceVersion "1"]
[SourceVersionDate "2023.10.10"]
[SourceQuality "1"]

1. d4 Nf6 2. c4 e6 3. Nc3 d5 4. g3 c5 5. Bg2 cxd4 6. Qxd4 Nc6 7. Qd1 d4 8. Ne4 Nxe4 9. Bxe4 f5 10. Bg2 e5 11. Nh3 Bc5 12. a3 a5 13. 0-0 0-0 14. Bd5+ Kh8 15. Ng5 Qf6 16. Nf3 h6 17. Ne1 e4 18. Rb1 Ne5 19. b4 axb4 20. axb4 Bb6 21. c5 Bc7 22. Bb2 Rd8 23. Qb3 Ng6 24. Rd1 Qg5 25. Ng2 Ne7 26. Be6 Qf6 27. Bxc8 Raxc8 28. e3 Be5 29. exd4 Bxd4 30. Bxd4 Rxd4 31. Rxd4 Qxd4 32. Rd1 Qe5 33. Nf4 Kh7 34. Qf7 Ra8 35. Rd7 Nc6 36. Nh5 Kh8 37. Nxg7 Qa1+ 38. Kg2 Ne5 39. Qh5 Nxd7 40. Qxh6+ Kg8 41. Nxf5 Qf6 42. Qh5 Ne5 43. g4 Nd3 44. b5 Nf4+ 0-1

[Event "Madrid San Viator op 15th"]
[Site "Madrid"]
[Date "2010.10.17"]
[Round "4.8"]
[White "Bermejo Redondo, Oscar"]
[Black "Takvor Mena, Samuel"]
[Result "1-0"]
[WhiteElo "1874"]
[BlackElo "1665"]
[PlyCount "39"]
[EventDate "2010.09.26"]
[EventType "swiss"]
[EventRounds "9"]
[EventCountry "ESP"]
[SourceTitle "EXT 2024"]
[Source "ChessBase"]
[SourceDate "2023.10.10"]
[SourceVersion "1"]
[SourceVersionDate "2023.10.10"]
[SourceQuality "1"]

1. d4 d5 2. c4 e6 3. g3 c6 4. Bg2 Nf6 5. Nf3 Nbd7 6. 0-0 Be7 7. Qc2 0-0 8. Nbd2 Re8 9. e4 dxc4 10. Qxc4 Nb6 11. Qc2 Bd7 12. Nb3 Rc8 13. Nc5 Bxc5 14. dxc5 Na8 15. e5 Nd5 16. Ng5 g6 17. Ne4 Kg7 18. Qd2 Rf8 19. Qh6+ Kh8 20. Ng5 1-0